| 000 | 00689nam a2200205 a 4500 | ||
|---|---|---|---|
| 001 | 000025541 | ||
| 005 | 20200930023850.0 | ||
| 008 | 110217s1967 sp r 000 0 spa d | ||
| 040 |
_aDO-SdBNP _bspa _cBNPHU |
||
| 082 |
_aNNN _bJ86d |
||
| 100 | 1 |
_aJovellanos, Gaspar de, _d1744-1811 _921290 |
|
| 245 | 1 | 0 |
_aDiarios / _cGaspar Melchor de Jovellanos ; selección y prólogo de Julián Marías. |
| 260 |
_aMadrid : _bAlianza, _c1967. |
||
| 300 |
_a289 p. ; _c18 cm. |
||
| 490 | 1 |
_aEl Libro de bolsillo _aClásicos _v83 |
|
| 500 | _aIncluye notas al pie de las páginas | ||
| 700 | 1 |
_aMarías, Julián _epról. _921173 |
|
| 830 | 0 |
_aEl Libro de Bolsillo ; _pclásicos _v83 _945775 |
|
| 049 | _aBNGR | ||
| 999 |
_c25033 _d25033 |
||